000 00367cam a22001097a 4500
008 180718b1977 xxu||||| |||| 00| 0 eng d
082 _aT123x54 St32p
245 _aReport of study group on pricing, finance & marketing
_cby Steel Authority of India LTD
260 _a
_bSteel Authority of India LTD
_c1977
300 _a27p
700 _aIndia. Steel Authority of India LTD
999 _c496879
_d496879